[Event "AUTO-ELITE-2498"]
[Site "http://www.queenalice.com/game.php?id=1826870"]
[Date "2023.12.10"]
[Round "2"]
[White "FLEURY"]
[Black "Caronte"]
[Result "1/2-1/2"]
[WhiteElo "2650"]
[BlackElo "2749"]

1. e4 c6 2. d4 d5 3. Nc3 dxe4 4. Nxe4 Nf6 5. Nxf6+ exf6 6. c3 Bd6 7. Bd3 O-O 8.
Qc2 Re8+ 9. Ne2 h5 10. O-O h4 11. h3 Nd7 12. Be3 Nf8 13. c4 Be6 14. Rad1 Rc8 15.
b3 Bb8 16. Qd2 Ng6 17. f4 f5 18. Kh1 Qe7 19. Rf3 Rcd8 20. a4 Bc8 21. b4 b5 22.
axb5 cxb5 23. d5 bxc4 24. Bxc4 Bb7 25. Bg1 Qf8 26. Qa2 Re4 27. Nc3 1/2-1/2

[Event "AUTO-ELITE-2498"]
[Site "http://www.queenalice.com/game.php?id=1826871"]
[Date "2023.12.10"]
[Round "2"]
[White "Caronte"]
[Black "FLEURY"]
[Result "1/2-1/2"]
[WhiteElo "2737"]
[BlackElo "2655"]

1. d4 Nf6 2. c4 e6 3. g3 d5 4. Bg2 c6 5. Nf3 Be7 6. O-O O-O 7. Qc2 b6 8. Bf4 Bb7
9. Rd1 Nbd7 10. Ne5 Nh5 11. Bd2 Nhf6 12. Bf4 Nh5 13. Bd2 Nhf6 14. cxd5 cxd5 15.
Nc6 Bxc6 16. Qxc6 Rc8 17. Qa4 Rc4 18. Qxa7 Rxd4 19. Nc3 Rc4 20. Rac1 Rc8 21. Qa4
h5 22. b4 Rc4 23. Nb5 Nc5 24. Qa3 Nce4 25. Be1 Rxc1 26. Rxc1 Qa8 27. Qb3 Qa6 28.
a4 Ra8 29. Qa3 Ne8 30. Ra1 Rc8 31. h4 Bf6 32. Ra2 Qb7 33. Bf3 Nc7 34. Nxc7 Qxc7
35. Kg2 Qc1 36. Qxc1 Rxc1 37. Bxe4 Rxe1 38. a5 bxa5 39. Bd3 Ra1 40. Rxa1 Bxa1
41. bxa5 Bd4 1/2-1/2

[Event "AUTO-ELITE-2498"]
[Site "http://www.queenalice.com/game.php?id=1826872"]
[Date "2023.12.10"]
[Round "2"]
[White "FLEURY"]
[Black "Sexxy_Bunny"]
[Result "1/2-1/2"]
[WhiteElo "2642"]
[BlackElo "2741"]

1. e4 c5 2. Nf3 d6 3. d4 cxd4 4. Nxd4 Nf6 5. Nc3 a6 6. h3 e5 7. Nde2 h5 8. g3
Be6 9. Bg2 Nbd7 10. a4 Be7 11. O-O Rc8 12. b3 Nc5 13. a5 O-O 14. Bg5 Re8 15. Re1
b5 16. axb6 Qxb6 17. Qd2 a5 18. Red1 Qb4 19. f3 Ra8 20. Kh2 Rec8 21. h4 Ra6 22.
Bh3 Ncd7 23. Ra2 Qb7 24. Qd3 Nc5 25. Qd2 Ncd7 26. Kg2 Rca8 27. Kh2 Rc8 28. Qd3
Nc5 29. Qe3 Bxh3 30. Kxh3 a4 31. bxa4 Nxa4 32. Rda1 1/2-1/2

[Event "AUTO-ELITE-2498"]
[Site "http://www.queenalice.com/game.php?id=1826873"]
[Date "2023.12.10"]
[Round "2"]
[White "Sexxy_Bunny"]
[Black "FLEURY"]
[Result "1/2-1/2"]
[WhiteElo "2743"]
[BlackElo "2640"]

1. e4 e5 2. Nf3 Nc6 3. Bb5 a6 4. Ba4 Nf6 5. O-O Nxe4 6. d4 b5 7. Bb3 d5 8. dxe5
Be6 9. Nbd2 Nc5 10. c3 d4 11. Bxe6 Nxe6 12. cxd4 Ncxd4 13. a4 Bb4 14. axb5 Nxb5
15. Qa4 c5 16. Nc4 O-O 17. Be3 Rb8 18. Qd1 a5 19. Qxd8 Rfxd8 20. g3 Nbd4 21. Kg2
h5 22. Rad1 f6 23. exf6 gxf6 24. Nfd2 Nf5 25. Ne4 Kf7 26. h3 Rxd1 27. Rxd1 Rd8
28. Ra1 Nfd4 29. Ned6+ Kg6 30. Nb7 Rb8 31. Nbxa5 Bxa5 32. Rxa5 Rb4 33. Nd6 Rxb2
34. Ne4 Nf5 1/2-1/2

[Event "AUTO-ELITE-2516"]
[Site "http://www.queenalice.com/game.php?id=1828989"]
[Date "2024.1.11"]
[Round "1"]
[White "Ahlkhanvio"]
[Black "FLEURY"]
[Result "0-1"]
[WhiteElo "2612"]
[BlackElo "2712"]

1. d4 Nf6 2. Bg5 d5 3. Bxf6 exf6 4. e3 Nd7 5. g3 c6 6. Bg2 Nb6 7. Nd2 Be6 8. b3
Bb4 9. Ne2 h5 10. h4 Qd7 11. a3 Bd6 12. Qc1 Nc8 13. c4 Ne7 14. Qc3 O-O 15. b4
Rfe8 16. O-O Bh3 17. Rfe1 Bxg2 18. Kxg2 Qg4 19. f3 Qd7 20. Qd3 Bc7 21. Nf1 dxc4
22. Qxc4 f5 23. Qb3 a5 24. Nc3 b5 25. Rac1 Rec8 26. Red1 axb4 27. axb4 Bd6 28.
Ra1 Rxa1 29. Rxa1 Rd8 30. Ra6 Qb7 31. Ra5 Ra8 32. Rxa8+ Qxa8 33. Nd2 Qc8 34. e4
f4 35. e5 Bc7 36. Nde4 fxg3 37. Ng5 Qe8 38. Nce4 Nd5 39. Qb1 g6 40. Qa1 Kg7 41.
Qc1 Qa8 42. Kxg3 Bd8 43. Nxf7 Kxf7 44. Qh6 Be7 45. Qh7+ Ke6 46. Qxg6+ Kd7 47.
Qf7 Qh8 48. f4 Kc8 49. f5 Qh6 50. Qg8+ Kb7 51. Ng5 Bxb4 52. f6 Qf8 53. Qh7+ Kb6
54. Nf3 Ba3 55. Qxh5 Bc1 56. Ng5 Bf4+ 57. Kg4 Qc8+ 58. Kf3 Bxe5 59. dxe5 Qf5+
60. Kg3 Qxe5+ 61. Kf2 Qh2+ 62. Kf3 Qf4+ 63. Ke2 Qxf6 64. Qf3 Qb2+ 65. Kf1 Qd2
66. Qe2 Qc1+ 67. Kf2 Qc5+ 68. Kf3 Qf8+ 69. Kg4 Qf4+ 70. Kh3 b4 0-1

[Event "AUTO-ELITE-2516"]
[Site "http://www.queenalice.com/game.php?id=1828990"]
[Date "2024.1.11"]
[Round "1"]
[White "FLEURY"]
[Black "Ahlkhanvio"]
[Result "1-0"]
[WhiteElo "2706"]
[BlackElo "2617"]

1. e4 d5 2. exd5 Qxd5 3. Nc3 Qd6 4. d4 Nf6 5. Nf3 g6 6. Nb5 Qb6 7. a4 a6 8. Na3
Be6 9. Bc4 Qc6 10. Be2 Bg7 11. O-O O-O 12. c3 Bd5 13. Re1 Nbd7 14. Bf4 Rfd8 15.
c4 Be4 16. b4 Nf8 17. Qb3 Qd7 18. Be5 Ne8 19. Bxg7 Nxg7 20. Ng5 Bf5 21. Nf3 Qd6
22. h3 h5 23. a5 c6 24. Rad1 Qf6 25. Qe3 Rac8 26. Ne5 Be6 27. Bf1 Nf5 28. Qc3
Nd7 29. Nf3 Nf8 30. Nc2 Nh4 31. Ne5 Nd7 32. Na1 Nxe5 33. dxe5 Qf4 34. Nb3 g5 35.
Nc5 g4 36. Re4 Qh6 37. Rdd4 Rxd4 38. Rxd4 Nf5 39. Rd1 Rb8 40. hxg4 hxg4 41. g3
Kg7 42. Bg2 Qg6 43. b5 cxb5 44. Nxe6+ Qxe6 45. cxb5 axb5 46. Be4 Rc8 47. Qd2 Rc5
48. Bxb7 Qxe5 49. Qg5+ 1-0

[Event "AUTO-ELITE-2516"]
[Site "http://www.queenalice.com/game.php?id=1828995"]
[Date "2024.1.11"]
[Round "1"]
[White "boilermaker1234"]
[Black "FLEURY"]
[Result "0-1"]
[WhiteElo "2421"]
[BlackElo "2704"]

1. d4 Nf6 2. Nf3 e6 3. Nc3 d5 4. Bg5 Nbd7 5. e4 h6 6. Bxf6 Nxf6 7. e5 Ne4 8. Bd3
Bb4 9. a3 Nxc3 10. Qd2 Ba5 11. bxc3 Qe7 12. O-O Bd7 13. Rab1 Rb8 14. Qe3 Bxc3
15. Ba6 Ba5 16. Bxb7 O-O 17. Ba6 Bb6 18. c4 dxc4 19. Bxc4 Bc6 20. Be2 Rfd8 21.
Rfd1 Rd7 22. Rd2 Rbd8 23. Bb5 Bxb5 24. Rxb5 c6 25. Rb3 c5 26. dxc5 Rxd2 27. Nxd2
Bxc5 28. Qc3 Qg5 29. Nf1 Bb6 30. g3 Qf5 31. Ne3 Qf3 32. Rb1 g6 33. Re1 Rd4 34.
Rb1 Re4 35. Re1 h5 36. Qb2 Rxe3 37. Rxe3 Bxe3 38. fxe3 Qxe3+ 39. Kg2 g5 40. Qf2
Qxf2+ 41. Kxf2 Kg7 42. Kf3 f5 43. exf6+ Kxf6 44. Ke4 e5 45. h3 Ke6 46. g4 h4 47.
a4 a5 48. Ke3 Kd5 49. Kd3 e4+ 50. Ke3 Ke5 51. Ke2 Kf4 52. Kf2 e3+ 53. Ke2 Ke4
0-1

[Event "AUTO-ELITE-2516"]
[Site "http://www.queenalice.com/game.php?id=1828996"]
[Date "2024.1.11"]
[Round "1"]
[White "FLEURY"]
[Black "boilermaker1234"]
[Result "1-0"]
[WhiteElo "2679"]
[BlackElo "2424"]

1. e4 e5 2. Nf3 Nc6 3. Bc4 d6 4. c3 Nf6 5. Ng5 d5 6. exd5 Nxd5 7. d4 Be7 8. Nxf7
Kxf7 9. Qf3+ Ke6 10. O-O Rf8 11. Qe4 a6 12. f4 g6 13. fxe5 Rf5 14. Rxf5 gxf5 15.
Qf3 Nxe5 16. dxe5 c6 17. Na3 Bxa3 18. bxa3 Kf7 19. Qh5+ Kg8 20. Bg5 Qf8 21. Bh6
Qc5+ 22. Kh1 Qe7 23. Rf1 Qxe5 24. Qg4+ Kf7 25. Bd3 f4 26. Qh4 Qxc3 27. Bxh7 Be6
28. Bxf4 Qc4 29. Rf3 Ke8 30. Bg6+ Kd7 31. Qh7+ Ne7 32. Rd3+ Qxd3 33. Bxd3 1-0

[Event "AUTO-ELITE-2504"]
[Site "http://www.queenalice.com/game.php?id=1829856"]
[Date "2024.1.21"]
[Round "2"]
[White "FLEURY"]
[Black "Sexxy_Bunny"]
[Result "1/2-1/2"]
[WhiteElo "2673"]
[BlackElo "2740"]

1. e4 c5 2. Nf3 d6 3. d4 cxd4 4. Nxd4 Nf6 5. Nc3 a6 6. Be3 e5 7. Nb3 Be6 8. f3
h5 9. Qd2 Nbd7 10. Nd5 Bxd5 11. exd5 g6 12. O-O-O Nb6 13. Kb1 Nbxd5 14. Bg5 Be7
15. Bd3 Qc7 16. c4 Nb6 17. Rc1 Nbd7 18. Rhe1 O-O-O 19. f4 Rhe8 20. f5 Kb8 21.
Bxf6 Bxf6 22. fxg6 fxg6 23. Rc2 e4 24. Bxe4 g5 25. h3 Nc5 26. Bd5 Rxe1+ 27. Qxe1
g4 28. hxg4 hxg4 29. Nxc5 dxc5 30. Qe6 Rd6 31. Qxg4 Ka7 32. a3 Rb6 33. Ka2 Bd4
34. Rd2 Qe5 35. Qe2 Qh8 36. g4 Qf6 37. Rc2 Qd6 38. Qg2 Qe5 39. Qe2 Qf4 40. Qf3
Qh6 41. Be4 Qg7 42. Qe2 1/2-1/2

[Event "AUTO-ELITE-2504"]
[Site "http://www.queenalice.com/game.php?id=1829857"]
[Date "2024.1.21"]
[Round "2"]
[White "Sexxy_Bunny"]
[Black "FLEURY"]
[Result "1/2-1/2"]
[WhiteElo "2739"]
[BlackElo "2674"]

1. e4 e5 2. Nf3 Nc6 3. Bb5 a6 4. Ba4 Nf6 5. O-O b5 6. Bb3 Bc5 7. a4 Rb8 8. c3 d6
9. d4 Bb6 10. axb5 axb5 11. Na3 O-O 12. Nxb5 Bg4 13. Bc2 Bxf3 14. gxf3 Nh5 15.
f4 Nxf4 16. Bxf4 exf4 17. Qg4 Ne7 18. Qxf4 f5 19. exf5 c6 20. Na3 d5 21. Rfe1
Bc7 22. Qg5 Rf6 23. Re6 Rxe6 24. fxe6 Rxb2 25. Bd3 Qd6 26. Qh4 Qxe6 27. Qxh7+
Kf7 28. Qh5+ g6 29. Qh7+ Kf6 30. Qh4+ Kg7 31. Nc2 Qf6 32. Qxf6+ Kxf6 33. Ra7 Bf4
34. Nb4 Rb3 35. Nxc6 Nxc6 36. Ra6 Rxc3 37. Bb5 Kf5 38. Bxc6 Ke4 39. Bb7 Rc7 40.
Bxd5+ Kxd5 41. Rxg6 Ke4 42. Kg2 Rd7 43. Re6+ Kf5 44. Re8 Rxd4 45. h4 Be5 46. h5
Rh4 47. Kf3 Rh3+ 48. Ke2 Rxh5 49. f3 Rh2+ 50. Kd3 Rh4 51. Rf8+ Bf6 52. Ra8 Rd4+
53. Kc2 Kf4 54. Rf8 Rd6 55. Re8 Kxf3 56. Kb3 Rc6 57. Re1 Bd4 58. Kb4 Be3 59. Rd1
Rc7 60. Kb5 Ke4 1/2-1/2

[Event "AUTO-ELITE-2519"]
[Site "http://www.queenalice.com/game.php?id=1829876"]
[Date "2024.1.22"]
[Round "1"]
[White "raulzampronha"]
[Black "FLEURY"]
[Result "0-1"]
[WhiteElo "2281"]
[BlackElo "2686"]

1. d4 Nf6 2. c4 e6 3. Nc3 d5 4. Bg5 Be7 5. e3 O-O 6. Qc2 h6 7. Bh4 b6 8. Nf3 Bb7
9. Bxf6 Bxf6 10. cxd5 exd5 11. Bd3 c5 12. O-O Nc6 13. Rfd1 Nb4 14. Bh7+ Kh8 15.
Qb1 g6 16. Bxg6 fxg6 17. Qxg6 Bg7 18. Ne5 Qh4 0-1

[Event "AUTO-ELITE-2519"]
[Site "http://www.queenalice.com/game.php?id=1829877"]
[Date "2024.1.22"]
[Round "1"]
[White "FLEURY"]
[Black "raulzampronha"]
[Result "1-0"]
[WhiteElo "2687"]
[BlackElo "2280"]

1. e4 c5 2. Nf3 d6 3. d4 cxd4 4. Nxd4 Nf6 5. Nc3 Nc6 6. Bg5 e6 7. Qd2 Be7 8.
O-O-O Nxd4 9. Qxd4 a6 10. f4 b5 11. Bxf6 gxf6 12. Kb1 Rg8 13. f5 Kf8 14. Qe3 b4
15. Ne2 Qc7 16. Qh6+ Rg7 17. Nf4 Kg8 18. Nh5 Rg5 19. g4 exf5 20. gxf5 1-0

[Event "AUTO-ELITE-2519"]
[Site "http://www.queenalice.com/game.php?id=1829884"]
[Date "2024.1.22"]
[Round "1"]
[White "FLEURY"]
[Black "ichtus"]
[Result "1-0"]
[WhiteElo "2693"]
[BlackElo "2842"]

1. e4 c5 2. Nf3 d6 3. d4 cxd4 4. Nxd4 Nf6 5. Nc3 g6 6. Be3 Bg7 7. f3 O-O 8. Qd2
Nc6 9. O-O-O d5 10. exd5 Nxd5 11. Nxc6 bxc6 12. Bd4 Bxd4 13. Qxd4 Qb6 14. Na4
Qc7 15. Nc5 Rd8 16. Bc4 Bf5 17. Bb3 Nb6 18. Qc3 h5 19. g3 Nd5 20. Qd4 e6 21.
Rhe1 Nb6 22. Qe3 Rxd1+ 23. Rxd1 Rd8 24. Re1 Nd5 25. Qd4 Qa5 26. Qf2 Qb6 27. a3
Nf6 28. Bc4 e5 29. Qe3 Nd5 30. Qg1 Nf6 31. Bb3 Re8 32. Bc4 Rd8 33. Bb3 Re8 34.
Bc4 Rd8 35. Ba2 Nd7 36. g4 hxg4 37. fxg4 Qxc5 38. gxf5 Qxg1 39. Rxg1 Kg7 40.
fxg6 fxg6 41. Rd1 1-0

[Event "AUTO-ELITE-2519"]
[Site "http://www.queenalice.com/game.php?id=1829885"]
[Date "2024.1.22"]
[Round "1"]
[White "ichtus"]
[Black "FLEURY"]
[Result "1/2-1/2"]
[WhiteElo "2845"]
[BlackElo "2690"]

1. d4 Nf6 2. Nf3 e6 3. Bg5 c5 4. d5 Qa5+ 5. c3 Nxd5 6. e4 Nf6 7. e5 Nd5 8. Na3
h6 9. Bh4 Nc6 10. Nc4 Qc7 11. Nd6+ Bxd6 12. exd6 Qb8 13. c4 Nf6 14. Qd3 b6 15.
O-O-O Bb7 16. Qe3 Nh7 17. Ne5 Nxe5 18. Qxe5 O-O 19. Be7 Re8 20. Qe3 Rxe7 21.
dxe7 Qc7 22. Qg3 e5 23. Bd3 Nf6 24. Bf5 Re8 25. Rd3 Be4 26. Bxe4 Nxe4 27. Qe3
Nf6 28. g4 e4 29. Qg3 Qxg3 30. Rxg3 Rxe7 31. Rd1 h5 32. gxh5 Nxh5 33. Ra3 a5 34.
Rd6 Nf4 35. Re3 f5 36. Kd2 Ne6 37. Rxb6 Nd4 38. Rg3 f4 39. Rg4 e3+ 40. fxe3
fxe3+ 41. Ke1 Nf3+ 42. Ke2 Nd4+ 43. Ke1 1/2-1/2

[Event "AUTO-ELITE-2520"]
[Site "http://www.queenalice.com/game.php?id=1830295"]
[Date "2024.1.27"]
[Round "1"]
[White "FLEURY"]
[Black "trompmaster"]
[Result "1-0"]
[WhiteElo "2675"]
[BlackElo "2472"]

1. e4 d6 2. d4 Nf6 3. Nc3 e5 4. Nf3 Nbd7 5. Bc4 h6 6. a4 Be7 7. dxe5 dxe5 8. Qe2
c6 9. g4 O-O 10. g5 hxg5 11. Bxg5 Bb4 12. Rg1 Nc5 13. Nd2 Ne6 14. Bxe6 Bxe6 15.
O-O-O Be7 16. f4 Qc7 17. f5 Bc8 18. Bh6 Ne8 19. Bxg7 Nxg7 20. Rxg7+ 1-0

[Event "AUTO-ELITE-2520"]
[Site "http://www.queenalice.com/game.php?id=1830296"]
[Date "2024.1.27"]
[Round "1"]
[White "trompmaster"]
[Black "FLEURY"]
[Result "0-1"]
[WhiteElo "2475"]
[BlackElo "2682"]

1. Nf3 Nf6 2. d4 e6 3. c4 d5 4. Nc3 Bb4 5. Qb3 c5 6. dxc5 Nc6 7. Bg5 Qa5 8. Bxf6
dxc4 9. Qxc4 gxf6 10. Rc1 Qxc5 11. Qxc5 Bxc5 12. e3 Be7 13. Be2 O-O 14. O-O Rd8
15. Rfd1 Bd7 16. g4 Be8 17. Kg2 h5 18. gxh5 f5 19. Ne1 Bf6 20. f4 Rxd1 21. Rxd1
Nb4 22. Bf3 Bxc3 23. bxc3 Nxa2 24. Ra1 Nxc3 25. Bxb7 Rb8 26. Rxa7 Rxb7 27. Ra8
Re7 28. Kg3 f6 29. Nc2 Kh7 30. Kh4 Kh6 31. Na3 Rg7 32. h3 Rg8 33. Ra6 Ne4 34.
Rxe6 Nd2 0-1

[Event "AUTO-ELITE-2520"]
[Site "http://www.queenalice.com/game.php?id=1830297"]
[Date "2024.1.27"]
[Round "1"]
[White "FLEURY"]
[Black "Sexxy_Bunny"]
[Result "1/2-1/2"]
[WhiteElo "2688"]
[BlackElo "2750"]

1. e4 c5 2. Nf3 d6 3. d4 cxd4 4. Nxd4 Nf6 5. Nc3 a6 6. Be3 e5 7. Nb3 Be6 8. h3
Be7 9. Qf3 O-O 10. O-O-O b5 11. g4 b4 12. Nd5 Nxd5 13. exd5 Bc8 14. Bd3 a5 15.
Nd2 Ba6 16. Ne4 a4 17. Kb1 Nd7 18. Bxa6 Rxa6 19. Rd3 Ra8 20. Rc1 Qa5 21. c4 bxc3
22. Rcxc3 Rab8 23. Rc6 Rb5 24. Nc3 Rbb8 25. Ne4 Rb5 26. Nc3 Rbb8 27. Qd1 a3 28.
b3 Rb4 29. Qc2 Nb8 30. Rc4 Nd7 31. Ne4 Rxc4 32. Qxc4 Qe1+ 33. Qc1 Qe2 34. Qc2
Qf1+ 35. Bc1 g6 36. Qd1 Qxd1 37. Rxd1 f5 38. gxf5 gxf5 39. Nc3 Ra8 40. Nb5 Ra5
41. Nc3 e4 42. Kc2 Ra8 43. b4 Ne5 44. Kb3 Bh4 45. Rg1+ Kf8 46. Bf4 Nf3 47. Bxd6+
Kf7 48. Rd1 Bxf2 49. Ne2 Be3 50. Bc5 f4 51. Bxe3 fxe3 52. b5 Ke7 53. Kb4 Kd6 54.
b6 Rb8 55. Kb5 Ne5 56. Ng3 Nd7 57. Nf5+ Ke5 58. Nxe3 Rxb6+ 59. Ka5 Kf4 60. Nc4
Rh6 61. Rf1+ 1/2-1/2

[Event "AUTO-ELITE-2520"]
[Site "http://www.queenalice.com/game.php?id=1830298"]
[Date "2024.1.27"]
[Round "1"]
[White "Sexxy_Bunny"]
[Black "FLEURY"]
[Result "1/2-1/2"]
[WhiteElo "2749"]
[BlackElo "2689"]

1. e4 e5 2. Nf3 Nc6 3. Bb5 a6 4. Ba4 Nf6 5. O-O Nxe4 6. d4 b5 7. Bb3 d5 8. dxe5
Be6 9. Nbd2 Nc5 10. c3 d4 11. Bxe6 Nxe6 12. cxd4 Ncxd4 13. a4 Bb4 14. axb5 Nxb5
15. Qa4 c5 16. Nc4 O-O 17. Be3 Rb8 18. Qd1 a5 19. Qxd8 Rfxd8 20. g3 Nbd4 21. Kg2
h5 22. Rad1 Nf5 23. h3 Rxd1 24. Rxd1 Rd8 25. Rxd8+ Nxd8 26. Kf1 f6 27. exf6 gxf6
28. Ne1 Nxe3+ 29. fxe3 Kf7 30. Nd3 Ne6 31. h4 f5 32. Kf2 Kf6 33. b3 Ke7 34. Nde5
Bc3 35. Kf3 Bxe5 36. Nxe5 Kd6 37. Nc4+ Kc6 38. Nxa5+ Kb5 39. Nc4 Kb4 40. e4 Kxb3
41. Nd6 fxe4+ 42. Kxe4 Nd4 43. Ke3 Nc6 44. Kf4 c4 45. Nxc4 Kxc4 46. Kg5 Kd5 47.
Kxh5 Ke6 48. Kg5 Ne5 49. h5 Kf7 50. h6 Nc6 51. Kf5 Ne7+ 52. Kg5 Kg8 53. Kf6 Nc6
54. g4 Kh7 55. Kg5 Ne5 56. Kh5 Nxg4 57. Kxg4 Kxh6 58. Kh4 Kg6 59. Kg4 Kf6
1/2-1/2

[Event "AUTO-ELITE-2516"]
[Site "http://www.queenalice.com/game.php?id=1838390"]
[Date "2024.6.10"]
[Round "2"]
[White "FLEURY"]
[Black "Sexxy_Bunny"]
[Result "1/2-1/2"]
[WhiteElo "2718"]
[BlackElo "2704"]

1. e4 c5 2. Nf3 d6 3. d4 cxd4 4. Nxd4 Nf6 5. Nc3 a6 6. Be3 e5 7. Nb3 Be6 8. Qd2
Nbd7 9. f3 h5 10. Nd5 Bxd5 11. exd5 g6 12. O-O-O Nb6 13. Kb1 Nbxd5 14. Bg5 Be7
15. Bd3 Qc7 16. Rhe1 Nb6 17. a4 O-O-O 18. a5 Nbd7 19. Be3 Kb8 20. Bg1 d5 21. c3
Rhe8 22. Bc2 Qc4 23. h3 h4 24. Qf2 Kc8 25. Bh2 Bf8 26. Nd2 Qc5 27. Qxh4 Qxa5 28.
Bxe5 Nxe5 29. Qxf6 Re6 30. Qf4 1/2-1/2

[Event "AUTO-ELITE-2516"]
[Site "http://www.queenalice.com/game.php?id=1838391"]
[Date "2024.6.10"]
[Round "2"]
[White "Sexxy_Bunny"]
[Black "FLEURY"]
[Result "1/2-1/2"]
[WhiteElo "2704"]
[BlackElo "2718"]

1. e4 e5 2. Nf3 Nc6 3. Bb5 Nf6 4. O-O Nxe4 5. d4 Nd6 6. Bxc6 dxc6 7. dxe5 Nf5 8.
Qxd8+ Kxd8 9. Nc3 Be7 10. h3 Nh4 11. Nxh4 Bxh4 12. Be3 h5 13. Rad1+ Ke8 14. Ne2
Be7 15. Rfe1 Bd7 16. a4 Rd8 17. a5 h4 18. c3 b6 19. Ra1 c5 20. axb6 axb6 21. Ra7
Rh5 22. f4 Rc8 23. c4 Be6 24. b3 Kd7 25. Nc3 Kc6 26. Nb5 Rhh8 27. Rd1 Rhd8 28.
Rxd8 Bxd8 29. Kf2 Bf5 30. Kf3 f6 31. b4 fxe5 32. fxe5 Be6 33. Ra4 Rb8 34. bxc5
bxc5 35. Ke4 Be7 36. Kd3 Bxc4+ 37. Rxc4 Kxb5 38. Rg4 Rg8 39. Rg6 Rd8+ 40. Kc2
Bf8 41. Bg5 Re8 42. e6 Be7 43. Bxe7 Rxe7 44. Kc3 Kc6 45. Kc4 Kd6 1/2-1/2

[Event "AUTO-ELITE-2520"]
[Site "http://www.queenalice.com/game.php?id=1838632"]
[Date "2024.6.15"]
[Round "2"]
[White "Ahlkhanvio"]
[Black "FLEURY"]
[Result "1/2-1/2"]
[WhiteElo "2613"]
[BlackElo "2727"]

1. d4 Nf6 2. c4 e6 3. Nc3 d5 4. Nf3 c6 5. e3 Nbd7 6. Bd3 dxc4 7. Bxc4 b5 8. Bd3
b4 9. Ne4 Nxe4 10. Bxe4 Bb7 11. O-O Be7 12. Qc2 h6 13. b3 O-O 14. Bb2 Qb6 15.
Nd2 c5 16. Nc4 Qc7 17. Rfd1 cxd4 18. Bxb7 Qxb7 19. Rxd4 Rac8 20. Qe2 Qb5 21. Qg4
Nf6 22. Qg3 Rfd8 23. Rad1 Rxd4 24. Rxd4 Bf8 25. h3 Qa6 26. Rd1 Nd5 27. Ra1 Nb6
28. Nxb6 Qxb6 29. a4 bxa3 30. Rxa3 a5 31. Bd4 Rc1+ 32. Kh2 Qb5 33. Ra2 Qb4 34.
Qg4 h5 35. Qxh5 Bd6+ 36. f4 Bxf4+ 37. exf4 Qxd4 38. Qxa5 Qxf4+ 39. g3 Qd4 40.
Qa8+ Kh7 41. Qg2 Qb6 42. Rb2 f5 43. h4 Kg6 44. b4 Kf6 45. b5 Rd1 46. Qa8 Kf7 47.
Qf3 Re1 48. Qh5+ Ke7 49. Qf3 Qd4 50. Rc2 Kf6 51. b6 Qxb6 52. Qc3+ Re5 53. Re2
Qc5 54. Qa1 Qb5 55. Re1 Qa5 56. Qd4 Qd5 57. Qb2 Qa5 58. Re3 Qb5 59. Qa1 Qc5 60.
Re2 Qb5 61. Re1 Qa5 62. Qd4 Qd5 63. Qb2 Qa5 1/2-1/2

[Event "AUTO-ELITE-2520"]
[Site "http://www.queenalice.com/game.php?id=1838633"]
[Date "2024.6.15"]
[Round "2"]
[White "FLEURY"]
[Black "Ahlkhanvio"]
[Result "1/2-1/2"]
[WhiteElo "2725"]
[BlackElo "2615"]

1. e4 c6 2. d4 d5 3. f3 e6 4. Nc3 Bb4 5. Bd2 Ne7 6. h4 b6 7. h5 h6 8. g4 c5 9.
e5 cxd4 10. Nb5 Bc5 11. b4 a6 12. Na3 f6 13. bxc5 fxe5 14. cxb6 Qxb6 15. Rb1 Qd6
16. Bc1 Nbc6 17. Qd2 O-O 18. Qh2 Rb8 19. Bd3 Rxb1 20. Nxb1 Nb4 21. Ba3 a5 22. g5
Ba6 23. Bxa6 Qxa6 24. gxh6 gxh6 25. Bxb4 axb4 26. Ne2 Rf5 27. Nc1 Kh7 28. Nd2
Qa3 29. Kd1 Rg5 30. Rg1 Nf5 31. Ncb3 Ne3+ 32. Ke1 Qxa2 33. Rxg5 hxg5 34. Qxe5
Qxc2 35. Qxg5 Qd3 36. Qe7+ Kh8 37. Qf6+ Kh7 38. Qf7+ Kh8 39. Qe7 Nc2+ 40. Kf2
Qe3+ 41. Kg2 Ne1+ 42. Kh3 Nd3 43. Qf6+ Kh7 44. Nxd4 Qg1 45. Qe7+ Qg7 46. Qxg7+
Kxg7 47. Kg4 Kf6 48. Nc2 b3 49. Nxb3 Ne5+ 50. Kg3 Nxf3 51. Kxf3 Kg5 52. Ne3 Kxh5
53. Kf4 d4 54. Ng4 e5+ 55. Nxe5 d3 56. Nd2 Kh4 57. Kf5 Kg3 58. Ng4 Kh4 59. Kf4
Kh5 60. Kf5 Kh4 61. Ne4 d2 62. Nxd2 Kg3 63. Kg5 1/2-1/2

[Event "AUTO-ELITE-2520"]
[Site "http://www.queenalice.com/game.php?id=1838634"]
[Date "2024.6.15"]
[Round "2"]
[White "acid"]
[Black "FLEURY"]
[Result "1/2-1/2"]
[WhiteElo "2730"]
[BlackElo "2718"]

1. c4 e5 2. g3 Nf6 3. Bg2 Bc5 4. d3 O-O 5. Nc3 Re8 6. Nf3 d5 7. cxd5 Nxd5 8.
Nxd5 Qxd5 9. O-O Nc6 10. a3 a5 11. Bd2 Bb6 12. b4 a4 13. Qc1 Qd8 14. Bg5 f6 15.
Be3 Bxe3 16. fxe3 Ne7 17. Nd2 c6 18. Ne4 Nd5 19. Rb1 f5 20. Nc5 Nc7 1/2-1/2

[Event "AUTO-ELITE-2520"]
[Site "http://www.queenalice.com/game.php?id=1838635"]
[Date "2024.6.15"]
[Round "2"]
[White "FLEURY"]
[Black "acid"]
[Result "1/2-1/2"]
[WhiteElo "2718"]
[BlackElo "2730"]

1. e4 c6 2. d4 d5 3. e5 c5 4. Nf3 cxd4 5. Nxd4 Nc6 6. Nxc6 bxc6 7. Bd3 e6 8. O-O
a5 9. Nd2 Ne7 10. Nf3 Ba6 11. Bxa6 Rxa6 12. c4 Qd7 13. h4 h5 14. Bg5 Nf5 15. Rc1
Be7 16. Bxe7 Nxe7 17. Rc3 Nf5 18. Qa4 d4 19. Rd3 O-O 20. b4 Rc8 21. b5 cxb5 22.
cxb5 Rc5 23. Nxd4 Rb6 24. Rdd1 Qc7 25. Nxf5 exf5 26. Rfe1 Rcxb5 27. e6 fxe6 28.
Rxe6 Rxe6 29. Qxb5 Qe5 30. Qd5 Kh7 31. Qf3 Qe4 32. Qxh5+ Rh6 33. Qg5 Rxh4 34. f3
Qf4 35. Qxf4 1/2-1/2

[Event "kasker -2"]
[Site "http://www.queenalice.com/game.php?id=1838799"]
[Date "2024.6.17"]
[Round "1"]
[White "Sexxy_Bunny"]
[Black "FLEURY"]
[Result "1/2-1/2"]
[WhiteElo "2701"]
[BlackElo "2718"]

1. e4 e5 2. Nf3 Nc6 3. Bb5 a6 4. Ba4 Nf6 5. O-O Be7 6. Re1 b5 7. Bb3 O-O 8. c3
d5 9. exd5 Nxd5 10. Nxe5 Nxe5 11. Rxe5 c6 12. d4 Bd6 13. Re1 Qh4 14. g3 Qh3 15.
Be3 Bg4 16. Qd3 f5 17. f4 Rfe8 18. Nd2 Kh8 19. Bxd5 cxd5 20. Qf1 Qh5 21. a4 b4
22. c4 b3 23. c5 Bc7 24. Qg2 Rad8 25. Nf1 Re4 26. Qf2 h6 27. Bd2 Be2 28. Ne3 Bd3
29. Ng2 Be2 30. Ne3 Bd3 1/2-1/2